Espresso Macchiato -- Tommy Cash Lyrics - Statistiken

Allgemein
  • Dieses Quiz wurde 87 mal gespielt
  • Das Durchschnittsergebnis liegt bei 107 aus 177
Antwortstatistiken
Antwort % Korrekt
Espresso
100%
A
97%
Macchiato
93%
Mi
91%
Amore
90%
Por
81%
Favore
75%
I
72%
Be
68%
To
66%
No
51%
Like
50%
I'm
47%
Bella
46%
Me
44%
Stresso
41%
Depresso
40%
Need
40%
The
40%
You
40%
Ciao
38%
Addicted
37%
It
37%
Tommaso
35%
Importante
34%
Tobacco
34%
With
31%
Life
29%
My
29%
When
29%
Are
28%
Lemons
28%
Spaghetti
28%
Coffee
26%
Is
26%
Very
26%
Demons
25%
Time
25%
Carati
24%
Corneo
24%
Give
24%
Mafioso
24%
Make
24%
Ristorante
24%
24
22%
Days
22%
Fly
22%
Gonna
22%
It's
22%
Scusi
22%
Busy
21%
Dancing
21%
Privati
21%
And
19%
Grandioso
19%
May
19%
Around
18%
Hard
18%
Talk
18%
Until
18%
Work
18%
Clocko
16%
Sweating
16%
Little
15%
Own
15%
This
15%
Money
13%
That's
13%
why
13%
Casa
12%
Numeroso
12%
Also
3%
Keine übereinstimmenden Quizze gefunden
Verteilung der Resultate
Anzahl Personen mit jedem Resultat
Perzentil nach korrekt beantworteten Fragen
Ihre Resultats-Entwicklung
Sie haben dieses Quiz noch nicht gespielt